| 000 | 00342nam a22001337a 4500 | ||
|---|---|---|---|
| 005 | 20260225155355.0 | ||
| 020 | _a978-93-6224-065-1 | ||
| 082 | _a639.31SHA/F | ||
| 245 |
_aFreshwater Aquaculture/ _ced by Madhwendra Sharma |
||
| 260 |
_a.-Newdelhi _b:DPH _c,2025 |
||
| 300 | _a236p | ||
| 700 |
_aSharma,Madhwendra ed _910973 |
||
| 942 |
_2ddc _cBK |
||
| 999 |
_c757044 _d757044 |
||